000 00734nam a2200229Ia 4500
008 191130s1998##################000#0#eng##
020 _a9780898159509
022 _a97045488
040 _aACL
_cACL
082 _a641.5945 LON
100 _aLonghi, Bob
245 _aLonghi's : recipes and reflections from Maui's most opinionated restauranteur
_cBob Longhi and Gabrielle Longhi ; photography by Gabrielle Longhi
260 _aBerkeley
_bTen Speed Press
_c1998
300 _aix, 172 p. : col. ill. ; 27 cm
500 _aIncludes index
650 _aCooking, Italian
650 _aLonghi's (Restaurant)
700 _aLonghi, Gabrielle
990 _a77355d01ac10000c6890ca0fc1dea28d
991 _a316253
999 _c235177
_d235177